000 00920nam a2200217 i 4500
001 184384
003 ES-MaACL
005 20231229063100.0
008 150804s1896 sp |||| | spa d
100 1 _aSentenach, Narciso,
_d1856-1925
_9105479
245 1 0 _aCatálogo de los cuadros, esculturas, grabados y otros objetos artísticos de la antigua Casa Ducal de Osuna expuestos en el Palacio de la Industria y de las Artes /
_c[Narciso Sentenach].
250 _a2ª ed. corr. y aum.
260 _aMadrid :
_b[s.n.],
_c1896 (
_fEst. Tip. de la Viuda e Hijos de M. Tello)
300 _a152 p. ;
_c24 cm.
594 _aAutor tomado de la certificación expedida por él mismo.
610 2 4 _aCasa de Osuna.
_9134227
650 4 _aObjetos artísticos-
_vCatálogos de subastas.
_9157178
710 2 _aPalacio de las Artes y la Industria.
_9172348
852 _aES-MaACL
_jT-865-F-10
999 _c184384
_d184384